00759nam a2200253 a 4500001001300000003000900013005001700022008004100039020001000080082001500090100001800105245004000123260002600163300000900189500003500198505001700233650001900250700001800269902000800287942000700295952009400302952009400396999001500490nice12345678IN_TiNIC20260116011521.0050524s1894 leia grp 000 0 ara  ac10000a915.3bGOE aGoeje, M J De aBibliotheca Geographorum Arabicorum aLeiden bBrill c1894 a373p aincludes index and biblioraphy2 abibliography aGeography-Arab1 aGoeje, M J De bSRS cBK 00104070aHMIbHMId0000-00-00g100.00l0o915.3 GOEp709r0000-00-00w2026-01-16yARB 00104070aHMIbHMId0000-00-00g100.00l0o915.3 GOEp718r0000-00-00w2026-01-16yARB c2232d2232